000 00311nam a22001337a 4500
020 _a1-842-34032-8
082 _a823
_bMUL/T
100 _aMULHERIN, JENNIFER
245 _aTHE TAMING OF THE SHREW
260 _aSLOUGH
_bCHERRY TREE PRESS
_c2001
300 _a32
650 _aENGLISH SHORT STORY
_zUK
942 _cBK
999 _c2647
_d2647